Cargando...

മൂന്ന് പ്രണയ നോവലെറ്റുകള്‍ /

Detalles Bibliográficos
Autor Principal: ബാബു, സതീഷ്
Formato: Printed Book
Publicado: ഒലിവ്,
LEADER 00319 a2200085 4500
100 |a ബാബു, സതീഷ് 
245 |a മൂന്ന് പ്രണയ നോവലെറ്റുകള്‍ / 
260 |b ഒലിവ്, 
999 |c 23855  |d 23855 
952 |0 0  |1 0  |2 ddc  |4 0  |7 -1  |9 32740  |a MAIN  |b MAIN  |d 2018-07-11  |r 2018-07-11  |w 2018-07-11  |y BK